Political parties, U.S.A. / (Record no. 42301)
[ view plain ]
| 000 -LEADER | |
|---|---|
| fixed length control field | 01119nam a2200325 a 4500 |
| 001 - CONTROL NUMBER | |
| control field | 42301 |
| 003 - CONTROL NUMBER IDENTIFIER | |
| rucl marc code | (BD-RJUL) |
| 005 - DATE AND TIME OF LATEST TRANSACTION | |
| control field | 20211209053524.0 |
| 008 - FIXED-LENGTH DATA ELEMENTS--GENERAL INFORMATION | |
| fixed length control field | 160611r19641960ilu b 000 0 eng |
| 035 ## - SYSTEM CONTROL NUMBER | |
| System control number | MITb10501010 |
| -- | (BD-RJUL) 42419 |
| System control number | (OCoLC)00265689 |
| System control number | GLIS00501010 |
| 040 ## - CATALOGING SOURCE | |
| Original cataloging agency | DLC |
| Transcribing agency | DLC |
| Modifying agency | m.c. |
| -- | RCD |
| -- | (BD-RJUL) |
| Language of cataloging | eng |
| 041 ## - LANGUAGE CODE | |
| Language code of text/sound track or separate title | eng |
| 082 ## - DEWEY DECIMAL CLASSIFICATION NUMBER | |
| Edition number | 23 |
| Classification number | 324.273 |
| Author mark and year | POL 1964 |
| 090 ## - LOCALLY ASSIGNED LC-TYPE CALL NUMBER (OCLC); LOCAL CALL NUMBER (OCLC) | |
| Classification number (OCLC) (R) ; Classification number, CALL (RLIN) (NR) | JK2265 |
| Local cutter number (OCLC) ; Book number/undivided call number, CALL (RLIN) | .G624 1964 |
| 099 ## - LOCAL FREE-TEXT CALL NUMBER (OCLC) | |
| Bangla Class number | JK2265.G624 1964 |
| 245 10 - TITLE STATEMENT | |
| Title | Political parties, U.S.A. / |
| Statement of responsibility, etc. | Essays by Stephen K. Bailey [and others] Edited by Robert A. Goldwin. |
| 260 ## - PUBLICATION, DISTRIBUTION, ETC. (IMPRINT) | |
| Place of publication, distribution, etc. | Chicago : |
| Name of publisher, distributor, etc. | Rand McNally, |
| Date of publication, distribution, etc. | 1964 |
| 300 ## - PHYSICAL DESCRIPTION | |
| Pagination | 158 p. ; |
| Size | 22 cm. |
| 490 1# - SERIES STATEMENT | |
| Series statement | Rand McNally public affairs series |
| 500 ## - GENERAL NOTE | |
| General note | Published in 1960 under title: Political parties in the United States. |
| 504 ## - BIBLIOGRAPHY, ETC. NOTE | |
| Bibliography, etc | Bibliographical footnotes. |
| 650 #0 - SUBJECT ADDED ENTRY--TOPICAL TERM | |
| Topical term or geographic name as entry element | Political parties |
| Geographic subdivision | United States. |
| 9 (RLIN) | 125434 |
| 700 1# - ADDED ENTRY--PERSONAL NAME | |
| Personal name | Bailey, Stephen K. |
| Fuller form of name | (Stephen Kemp) |
| 830 #0 - SERIES ADDED ENTRY--UNIFORM TITLE | |
| Uniform title | Rand McNally public affairs series. |
| 942 ## - ADDED ENTRY ELEMENTS (KOHA) | |
| Source of classification or shelving scheme | Dewey Decimal Classification |
| Koha item type | Books |
| 949 ## - LOCAL PROCESSING INFORMATION (OCLC) | |
| a | MYGD |
| -- | MYGD |
| -- | MYGD |
| -- | MYGD |
| Lost status | Source of classification or shelving scheme | Damaged status | Not for loan | Collection code | Permanent Location | Current Location | Shelving location | Date acquired | Source of acquisition | Cost, normal purchase price | Total Checkouts | Full call number | Date last seen | Copy number | Koha item type |
|---|---|---|---|---|---|---|---|---|---|---|---|---|---|---|---|
| Dewey Decimal Classification | Non-fiction | Central Library, University of Rajshahi | Central Library, University of Rajshahi | 02/07/1974 | Euro-Bangladesh New Agency | 19.60 | 324.273 POL 1964 | 11/06/2016 | C-2 | Books |